00640nam a2200193Ia 4500952012900000999001700129003000400146005001700150008004100167020001800208040000900226082001800235100002600253245005500279260004900334300000900383650001200392942004200404 00102ddc40708LITaMESbMEScENGd2019-02-20g360.00l0o809.03 MON/Cp36862r2019-02-20 00:00:00w2019-02-20yBKzGR15R1 c14758d14758OSt20201016121032.0190216s9999||||xx |||||||||||||| ||und|| a9780195652468 coclc a809.03bMON/C aMongia, Padmini95519 0aContemporary Postcolonial Theory /cPadmini Mongia bOxford University Press ,c2013.aNew Delhi: a407p aEnglish cBK2ddch809.03iMON/Ck809.03mMON/C